[Event "European Youth Chess Championship B18"]
[Site "Prague, Top Hotel Prague"]
[Date "2012.08.23"]
[Round "7.1"]
[White "Forcen Esteban, Daniel"]
[Black "Moiseenko, Vadim"]
[Result "1/2-1/2"]
[WhiteElo "2440"]
[BlackElo "2454"]
[PlyCount "0"]
[EventDate "2012.08.17"]

1. e4 {[%clk 1:30:57]} e6 {[%clk 1:30:57]} 2. d4 {[%clk 1:23:19]} d5
{[%clk 1:31:22]} 3. Nc3 {[%clk 1:23:21]} Bb4 {[%clk 1:31:35]} 4. exd5
{[%clk 1:23:46]} exd5 {[%clk 1:31:26]} 5. Bd3 {[%clk 1:24:10]} Nf6
{[%clk 1:29:03]} 6. a3 {[%clk 1:23:09]} Bd6 {[%clk 1:25:51]} 7. h3
{[%clk 1:23:08]} c6 {[%clk 1:23:37]} 8. Qf3 {[%clk 1:22:57]} Be6 {[%clk 1:22:03]}
9. Nge2 {[%clk 1:22:10]} Nbd7 {[%clk 1:22:26]} 10. Bg5 {[%clk 1:21:48]} Qc7
{[%clk 1:22:10]} 11. O-O-O {[%clk 1:13:18]} O-O-O {[%clk 1:22:21]} 12. g4
{[%clk 1:05:04]} Rde8 {[%clk 1:19:54]} 13. Ng3 {[%clk 1:05:05]} h6
{[%clk 1:18:39]} 14. Be3 {[%clk 1:01:47]} g6 {[%clk 1:17:38]} 15. Nce2
{[%clk 1:00:25]} Kb8 {[%clk 1:04:30]} 16. Kb1 {[%clk 1:00:03]} Ka8
{[%clk 1:01:30]} 17. Nf4 {[%clk 0:54:16]} Qb6 {[%clk 0:58:36]} 18. Ka1
{[%clk 0:52:48]} Qa5 {[%clk 0:58:44]} 19. Bd2 {[%clk 0:44:47]} Qb6
{[%clk 0:57:18]} 20. Bc3 {[%clk 0:38:24]} Rhf8 {[%clk 0:54:01]} 21. Rhe1
{[%clk 0:34:34]} Qc7 {[%clk 0:50:23]} 22. Bd2 {[%clk 0:33:07]} g5
{[%clk 0:48:56]} 23. Nfe2 {[%clk 0:31:34]} Re7 {[%clk 0:42:29]} 24. Nc3
{[%clk 0:27:14]} Rfe8 {[%clk 0:41:31]} 25. Rh1 {[%clk 0:27:29]} Qb6
{[%clk 0:36:01]} 26. Nf5 {[%clk 0:21:23]} Bxf5 {[%clk 0:36:22]} 27. Bxf5
{[%clk 0:21:51]} Ne4 {[%clk 0:35:54]} 28. Bxe4 {[%clk 0:21:37]} dxe4
{[%clk 0:36:04]} 29. Qf5 {[%clk 0:22:00]} Qc7 {[%clk 0:23:32]} 30. Rhe1
{[%clk 0:22:07]} Nb6 {[%clk 0:23:25]} 31. Nxe4 {[%clk 0:20:02]} Nc4
{[%clk 0:23:11]} 32. Nxd6 {[%clk 0:20:16]} Nxd6 {[%clk 0:22:56]} 33. Rxe7
{[%clk 0:20:12]} Qxe7 {[%clk 0:23:10]} 34. Qd3 {[%clk 0:17:26]} Qf6
{[%clk 0:19:02]} 35. d5 {[%clk 0:16:10]} c5 {[%clk 0:18:02]} 36. Be3
{[%clk 0:15:48]} b6 {[%clk 0:18:25]} 37. Qa6 {[%clk 0:12:18]} Re4
{[%clk 0:16:33]} 38. Rd3 {[%clk 0:10:38]} Qd8 {[%clk 0:12:16]} 39. Rb3
{[%clk 0:08:16]} Qc7 {[%clk 0:12:21]} 40. Rd3 {[%clk 0:34:09]} Qd7
{[%clk 0:39:09]} 41. Rd1 {[%clk 0:32:23]} Kb8 {[%clk 0:35:41]} 42. Qd3
{[%clk 0:32:01]} Qe7 {[%clk 0:35:44]} 43. Bc1 {[%clk 0:29:07]} Qe5
{[%clk 0:34:29]} 44. Kb1 {[%clk 0:26:22]} Kc7 {[%clk 0:22:26]} 45. Qf3
{[%clk 0:25:03]} a5 {[%clk 0:19:28]} 46. h4 {[%clk 0:15:03]} gxh4
{[%clk 0:15:35]} 47. Bxh6 {[%clk 0:15:31]} Re1 {[%clk 0:15:49]} 48. Rxe1
{[%clk 0:14:57]} Qxe1+ {[%clk 0:16:13]} 49. Ka2 {[%clk 0:15:08]} Qe4
{[%clk 0:15:53]} 50. Qxe4 {[%clk 0:13:28]} Nxe4 {[%clk 0:16:18]} 51. f3
{[%clk 0:13:54]} Nf2 {[%clk 0:12:49]} 52. Be3 {[%clk 0:13:56]} Nd1
{[%clk 0:12:41]} 53. Bg1 {[%clk 0:12:40]} h3 {[%clk 0:10:30]} 54. Kb3
{[%clk 0:10:40]} Kd7 {[%clk 0:10:54]} 55. c4 {[%clk 0:10:32]} Ne3
{[%clk 0:09:56]} 56. Kc3 {[%clk 0:10:50]} a4 {[%clk 0:09:31]} 1/2-1/2

[Event "European Youth Chess Championship B18"]
[Site "Prague, Top Hotel Prague"]
[Date "2012.08.23"]
[Round "7.2"]
[White "Anton Guijarro, David"]
[Black "Gabuzyan, Hovhannes"]
[Result "0-1"]
[WhiteElo "2526"]
[BlackElo "2488"]
[PlyCount "0"]
[EventDate "2012.08.17"]

1. e4 {[%clk 1:30:49]} c5 {[%clk 1:30:56]} 2. Ne2 {[%clk 1:31:11]} Nf6
{[%clk 1:29:16]} 3. Nbc3 {[%clk 1:30:57]} d6 {[%clk 1:29:40]} 4. d4
{[%clk 1:30:14]} cxd4 {[%clk 1:30:06]} 5. Nxd4 {[%clk 1:30:37]} a6
{[%clk 1:30:34]} 6. Be2 {[%clk 1:30:05]} e5 {[%clk 1:30:57]} 7. Nb3
{[%clk 1:30:33]} Be7 {[%clk 1:31:23]} 8. Be3 {[%clk 1:31:01]} O-O
{[%clk 1:30:27]} 9. g4 {[%clk 1:31:08]} Be6 {[%clk 1:29:57]} 10. g5
{[%clk 1:30:51]} Nfd7 {[%clk 1:28:26]} 11. h4 {[%clk 1:29:33]} Nc6
{[%clk 1:27:56]} 12. Qd2 {[%clk 1:27:47]} a5 {[%clk 1:26:15]} 13. f4
{[%clk 1:22:49]} exf4 {[%clk 1:24:24]} 14. Bxf4 {[%clk 1:23:07]} a4
{[%clk 1:24:51]} 15. Nd4 {[%clk 1:22:01]} Nxd4 {[%clk 1:24:59]} 16. Qxd4
{[%clk 1:22:25]} a3 {[%clk 1:25:27]} 17. b3 {[%clk 1:17:10]} Qc7 {[%clk 1:23:59]}
18. Rg1 {[%clk 1:04:12]} Rfc8 {[%clk 1:22:01]} 19. Rg3 {[%clk 1:03:36]} Ne5
{[%clk 1:18:58]} 20. h5 {[%clk 0:58:17]} Ra5 {[%clk 1:13:22]} 21. h6
{[%clk 0:49:47]} Rc5 {[%clk 1:09:38]} 22. Bd2 {[%clk 0:49:20]} Bf8
{[%clk 1:08:37]} 23. Nb5 {[%clk 0:46:26]} Qe7 {[%clk 0:50:23]} 24. c4
{[%clk 0:41:41]} f5 {[%clk 0:40:09]} 25. Nc3 {[%clk 0:26:42]} Nc6
{[%clk 0:33:40]} 26. Qg1 {[%clk 0:25:36]} g6 {[%clk 0:28:07]} 27. exf5
{[%clk 0:20:04]} Rxf5 {[%clk 0:24:18]} 28. Ne4 {[%clk 0:18:46]} d5
{[%clk 0:22:43]} 29. cxd5 {[%clk 0:09:39]} Bxd5 {[%clk 0:22:47]} 30. Nf6+
{[%clk 0:10:06]} Rxf6 {[%clk 0:22:46]} 31. gxf6 {[%clk 0:10:34]} Qe5
{[%clk 0:15:43]} 32. Bc3 {[%clk 0:07:00]} Bb4 {[%clk 0:15:39]} 33. Qe3
{[%clk 0:06:26]} Qxf6 {[%clk 0:15:21]} 34. Rc1 {[%clk 0:05:51]} Rf8
{[%clk 0:12:45]} 35. Rg4 {[%clk 0:03:23]} Bxc3+ {[%clk 0:12:22]} 36. Rxc3
{[%clk 0:03:44]} Ne5 {[%clk 0:12:14]} 37. Rd4 {[%clk 0:03:30]} Bf3
{[%clk 0:10:31]} 38. Bc4+ {[%clk 0:01:01]} Kh8 {[%clk 0:09:41]} 39. Bf1
{[%clk 0:00:51]} Ng4 {[%clk 0:03:52]} 40. Qxf3 {[%clk 0:30:42]} Re8+
{[%clk 0:33:28]} 41. Re4 {[%clk 0:11:38]} Rxe4+ {[%clk 0:33:24]} 42. Kd2
{[%clk 0:12:03]} Qd4+ {[%clk 0:22:16]} 43. Bd3 {[%clk 0:05:06]} Re8
{[%clk 0:22:29]} 44. Rc4 {[%clk 0:04:44]} Qb2+ {[%clk 0:21:28]} 45. Rc2
{[%clk 0:05:10]} Qe5 {[%clk 0:21:52]} 46. Rc1 {[%clk 0:03:03]} Qh2+
{[%clk 0:21:39]} 47. Be2 {[%clk 0:03:06]} Qxh6+ {[%clk 0:22:03]} 48. Kc2
{[%clk 0:03:15]} Ne3+ {[%clk 0:22:28]} 49. Kc3 {[%clk 0:02:30]} Nf5
{[%clk 0:22:10]} 50. Qf1 {[%clk 0:01:56]} Qe3+ {[%clk 0:22:35]} 0-1

[Event "European Youth Chess Championship B18"]
[Site "Prague, Top Hotel Prague"]
[Date "2012.08.23"]
[Round "7.3"]
[White "Horvath, David"]
[Black "Mammadov, Zaur"]
[Result "1-0"]
[WhiteElo "2376"]
[BlackElo "2431"]
[PlyCount "0"]
[EventDate "2012.08.17"]

1. c4 {[%clk 1:30:50]} e6 {[%clk 1:30:39]} 2. Nc3 {[%clk 1:29:09]} d5
{[%clk 1:31:08]} 3. d4 {[%clk 1:29:16]} Nf6 {[%clk 1:31:26]} 4. Bg5
{[%clk 1:29:35]} Be7 {[%clk 1:27:15]} 5. e3 {[%clk 1:29:48]} O-O {[%clk 1:27:40]}
6. Nf3 {[%clk 1:28:44]} Nbd7 {[%clk 1:27:03]} 7. cxd5 {[%clk 1:27:51]} exd5
{[%clk 1:26:56]} 8. Bd3 {[%clk 1:26:07]} c6 {[%clk 1:27:25]} 9. Qc2
{[%clk 1:25:57]} Re8 {[%clk 1:27:54]} 10. O-O {[%clk 1:26:13]} Nf8
{[%clk 1:28:23]} 11. Rab1 {[%clk 1:24:36]} g6 {[%clk 1:28:51]} 12. b4
{[%clk 1:23:25]} a6 {[%clk 1:28:50]} 13. a4 {[%clk 1:23:31]} Ne6 {[%clk 1:29:19]}
14. Bh4 {[%clk 1:22:26]} a5 {[%clk 1:29:19]} 15. b5 {[%clk 1:15:01]} c5
{[%clk 1:27:19]} 16. dxc5 {[%clk 0:54:43]} Nxc5 {[%clk 1:26:25]} 17. Nd4
{[%clk 0:54:55]} Ng4 {[%clk 1:14:41]} 18. Bg3 {[%clk 0:42:45]} Bf6
{[%clk 1:13:32]} 19. Nce2 {[%clk 0:37:30]} Ne4 {[%clk 1:07:56]} 20. Rbc1
{[%clk 0:30:04]} Nxg3 {[%clk 0:58:17]} 21. hxg3 {[%clk 0:30:11]} Be5
{[%clk 0:56:48]} 22. Rfd1 {[%clk 0:26:18]} Qf6 {[%clk 0:45:15]} 23. Nf3
{[%clk 0:22:10]} Be6 {[%clk 0:45:34]} 24. Ned4 {[%clk 0:19:54]} Bd6
{[%clk 0:44:59]} 25. Qa2 {[%clk 0:18:06]} Qg7 {[%clk 0:42:23]} 26. Nxe6
{[%clk 0:15:36]} fxe6 {[%clk 0:40:44]} 27. e4 {[%clk 0:15:32]} Qh6
{[%clk 0:31:04]} 28. exd5 {[%clk 0:12:45]} Bxg3 {[%clk 0:31:01]} 29. fxg3
{[%clk 0:04:57]} Qe3+ {[%clk 0:31:31]} 30. Kf1 {[%clk 0:05:13]} Rf8
{[%clk 0:31:56]} 31. Qe2 {[%clk 0:05:05]} Nh2+ {[%clk 0:32:22]} 32. Ke1
{[%clk 0:05:15]} Rxf3 {[%clk 0:33:20]} 33. Qxe3 {[%clk 0:04:20]} Rxe3+
{[%clk 0:33:49]} 34. Kd2 {[%clk 0:04:11]} Rxg3 {[%clk 0:34:12]} 35. dxe6
{[%clk 0:01:39]} Rd8 {[%clk 0:34:41]} 36. Kc2 {[%clk 0:00:53]} Ng4
{[%clk 0:34:18]} 37. Bc4 {[%clk 0:00:52]} Ne3+ {[%clk 0:34:32]} 38. Kb1
{[%clk 0:01:14]} Re8 {[%clk 0:32:52]} 39. Rd3 {[%clk 0:31:16]} Nf5
{[%clk 0:17:34]} 40. Rxg3 {[%clk 0:30:49]} Nxg3 {[%clk 0:48:03]} 41. Bd5
{[%clk 0:24:08]} Re7 {[%clk 0:48:21]} 42. Rc7 {[%clk 0:23:53]} Kf8
{[%clk 0:46:21]} 43. Rxb7 {[%clk 0:21:48]} Rxb7 {[%clk 0:46:48]} 44. Bxb7
{[%clk 0:22:07]} Ke7 {[%clk 0:47:17]} 45. Bd5 {[%clk 0:21:29]} Kd6
{[%clk 0:40:16]} 46. b6 {[%clk 0:21:32]} Nf5 {[%clk 0:40:45]} 47. b7
{[%clk 0:20:50]} Kc7 {[%clk 0:41:14]} 48. Be4 {[%clk 0:20:11]} Ne7
{[%clk 0:41:18]} 49. Kc2 {[%clk 0:20:15]} g5 {[%clk 0:39:45]} 50. g4
{[%clk 0:18:55]} Ng8 {[%clk 0:39:28]} 51. Kd3 {[%clk 0:19:14]} Nf6
{[%clk 0:39:54]} 52. e7 {[%clk 0:19:09]} h6 {[%clk 0:39:38]} 53. Bc6 1-0

[Event "European Youth Chess Championship B18"]
[Site "Prague, Top Hotel Prague"]
[Date "2012.08.23"]
[Round "7.4"]
[White "Pardo Simon, David"]
[Black "Givon, Asaf"]
[Result "1/2-1/2"]
[WhiteElo "2430"]
[BlackElo "2340"]
[PlyCount "0"]
[EventDate "2012.08.17"]

1. Nf3 {[%clk 1:30:42]} Nf6 {[%clk 1:30:39]} 2. c4 {[%clk 1:30:44]} g6
{[%clk 1:29:11]} 3. Nc3 {[%clk 1:30:21]} d5 {[%clk 1:29:23]} 4. Qa4+
{[%clk 1:29:35]} Bd7 {[%clk 1:28:21]} 5. Qb3 {[%clk 1:29:49]} dxc4
{[%clk 1:26:55]} 6. Qxc4 {[%clk 1:30:15]} c5 {[%clk 1:27:21]} 7. g3
{[%clk 1:29:14]} Nc6 {[%clk 1:25:47]} 8. Bg2 {[%clk 1:29:14]} b5 {[%clk 1:15:31]}
9. Qxb5 {[%clk 0:38:35]} Nb4 {[%clk 1:06:26]} 10. Qc4 {[%clk 0:39:00]} Be6
{[%clk 0:42:52]} 11. Qb5+ {[%clk 0:39:12]} Bd7 {[%clk 0:43:17]} 12. Qc4
{[%clk 0:39:38]} Be6 {[%clk 0:43:04]} 13. Qb5+ {[%clk 0:36:27]} 1/2-1/2

[Event "European Youth Chess Championship B18"]
[Site "Prague, Top Hotel Prague"]
[Date "2012.08.23"]
[Round "7.5"]
[White "Moussard, Jules"]
[Black "Danilenko, Dmitriy"]
[Result "1-0"]
[WhiteElo "2429"]
[BlackElo "2395"]
[PlyCount "0"]
[EventDate "2012.08.17"]

1. d4 {[%clk 1:30:38]} d5 {[%clk 1:30:45]} 2. c4 {[%clk 1:31:02]} c6
{[%clk 1:31:12]} 3. Nf3 {[%clk 1:31:27]} Nf6 {[%clk 1:31:38]} 4. e3
{[%clk 1:31:51]} e6 {[%clk 1:32:04]} 5. Bd3 {[%clk 1:32:14]} Nbd7
{[%clk 1:32:00]} 6. O-O {[%clk 1:32:34]} Bd6 {[%clk 1:30:47]} 7. Nc3
{[%clk 1:32:55]} O-O {[%clk 1:29:42]} 8. e4 {[%clk 1:33:07]} dxc4
{[%clk 1:30:04]} 9. Bxc4 {[%clk 1:33:31]} e5 {[%clk 1:30:31]} 10. Be3
{[%clk 1:33:34]} Qe7 {[%clk 1:27:57]} 11. Bb3 {[%clk 1:33:39]} h6
{[%clk 1:05:28]} 12. Nh4 {[%clk 1:29:12]} Qd8 {[%clk 0:51:46]} 13. Nf5
{[%clk 1:21:05]} Bc7 {[%clk 0:50:21]} 14. f4 {[%clk 1:18:40]} exd4
{[%clk 0:47:54]} 15. Bxd4 {[%clk 1:17:57]} Nb6 {[%clk 0:21:38]} 16. g4
{[%clk 1:00:29]} Nxg4 {[%clk 0:15:08]} 17. Bxg7 {[%clk 0:47:46]} Bxf5
{[%clk 0:14:00]} 18. Bxf8 {[%clk 0:48:06]} Qxf8 {[%clk 0:14:12]} 19. exf5
{[%clk 0:47:13]} Ne3 {[%clk 0:14:35]} 20. Qh5 {[%clk 0:43:25]} Qg7+
{[%clk 0:14:00]} 21. Kf2 {[%clk 0:42:17]} Nxf1 {[%clk 0:12:32]} 22. Rxf1
{[%clk 0:42:10]} Nd7 {[%clk 0:09:58]} 23. Bxf7+ {[%clk 0:33:49]} Kh8
{[%clk 0:04:41]} 24. Kf3 {[%clk 0:32:05]} Rf8 {[%clk 0:03:00]} 25. Bg6
{[%clk 0:32:27]} Nf6 {[%clk 0:02:32]} 26. Qh4 {[%clk 0:32:29]} Ng8
{[%clk 0:02:27]} 27. Re1 {[%clk 0:32:29]} Bd8 {[%clk 0:02:40]} 28. Qh5
{[%clk 0:32:01]} Nf6 {[%clk 0:01:29]} 29. Qh3 {[%clk 0:32:23]} Ng8
{[%clk 0:01:27]} 30. Rd1 {[%clk 0:31:53]} Bf6 {[%clk 0:01:20]} 31. Ne4
{[%clk 0:29:50]} Bxb2 {[%clk 0:01:11]} 32. Kf2 {[%clk 0:30:18]} Bf6
{[%clk 0:00:46]} 33. Nd6 {[%clk 0:28:46]} Ne7 {[%clk 0:00:43]} 34. Ne8
{[%clk 0:28:41]} Bd4+ {[%clk 0:00:40]} 35. Kf3 {[%clk 0:28:14]} Rxe8
{[%clk 0:00:40]} 36. Bxe8 {[%clk 0:28:40]} Nd5 {[%clk 0:00:51]} 37. Bf7
{[%clk 0:26:34]} Ne7 {[%clk 0:00:32]} 38. Rxd4 {[%clk 0:26:56]} 1-0

[Event "European Youth Chess Championship B18"]
[Site "Prague, Top Hotel Prague"]
[Date "2012.08.23"]
[Round "7.6"]
[White "Ochsner, Bjorn Moller"]
[Black "Kadric, Denis"]
[Result "1/2-1/2"]
[WhiteElo "2290"]
[BlackElo "2418"]
[PlyCount "0"]
[EventDate "2012.08.17"]

1. e4 {[%clk 1:30:57]} c5 {[%clk 1:30:54]} 2. Nf3 {[%clk 1:31:11]} Nc6
{[%clk 1:31:18]} 3. d4 {[%clk 1:30:56]} cxd4 {[%clk 1:31:42]} 4. Nxd4
{[%clk 1:31:20]} e5 {[%clk 1:32:06]} 5. Nb5 {[%clk 1:30:27]} d6 {[%clk 1:32:30]}
6. N1c3 {[%clk 1:23:05]} a6 {[%clk 1:32:48]} 7. Na3 {[%clk 1:23:26]} b5
{[%clk 1:33:14]} 8. Nd5 {[%clk 1:23:23]} Nge7 {[%clk 1:33:38]} 9. c4
{[%clk 1:17:19]} Nd4 {[%clk 1:33:59]} 10. Be3 {[%clk 1:08:58]} Nxd5
{[%clk 1:34:21]} 11. cxd5 {[%clk 1:06:01]} g6 {[%clk 1:34:45]} 12. Bd3
{[%clk 1:03:16]} Bg7 {[%clk 1:34:32]} 13. Nc2 {[%clk 0:58:42]} O-O
{[%clk 1:28:26]} 14. O-O {[%clk 0:53:16]} Nxc2 {[%clk 1:25:26]} 15. Qxc2
{[%clk 0:52:04]} Bd7 {[%clk 1:23:03]} 16. Rfc1 {[%clk 0:46:44]} Qe7
{[%clk 1:15:43]} 17. Qd2 {[%clk 0:45:50]} f5 {[%clk 1:13:03]} 18. Rc7
{[%clk 0:42:30]} Bf6 {[%clk 0:40:00]} 19. Rac1 {[%clk 0:30:34]} f4
{[%clk 0:40:10]} 20. Bb6 {[%clk 0:29:11]} Qe8 {[%clk 0:40:24]} 21. Qb4
{[%clk 0:25:02]} Be7 {[%clk 0:34:11]} 22. Qa3 {[%clk 0:17:19]} f3
{[%clk 0:29:03]} 23. g3 {[%clk 0:16:48]} Rf6 {[%clk 0:28:37]} 24. Ba5
{[%clk 0:12:24]} g5 {[%clk 0:28:08]} 25. Bf1 {[%clk 0:09:07]} Bg4
{[%clk 0:23:38]} 26. Bd2 {[%clk 0:05:24]} h6 {[%clk 0:07:19]} 27. Rb7
{[%clk 0:03:14]} Bf8 {[%clk 0:06:01]} 28. Rc6 {[%clk 0:02:36]} Qg6
{[%clk 0:03:48]} 29. Rbc7 {[%clk 0:02:01]} Qxe4 {[%clk 0:02:49]} 30. Rxa6
{[%clk 0:01:08]} Rxa6 {[%clk 0:02:18]} 31. Qxa6 {[%clk 0:01:37]} Qxd5
{[%clk 0:02:43]} 32. Be3 {[%clk 0:01:31]} Be6 {[%clk 0:02:45]} 33. a3
{[%clk 0:01:31]} Rf7 {[%clk 0:02:04]} 34. Rxf7 {[%clk 0:01:42]} Bxf7
{[%clk 0:02:29]} 35. Qxb5 {[%clk 0:01:17]} Qxb5 {[%clk 0:01:36]} 36. Bxb5
{[%clk 0:01:46]} d5 {[%clk 0:02:01]} 37. Bc6 {[%clk 0:01:28]} d4 {[%clk 0:00:51]}
38. Bd2 {[%clk 0:01:51]} g4 {[%clk 0:01:19]} 39. h3 {[%clk 0:01:42]} h5
{[%clk 0:00:58]} 40. Bd7 {[%clk 0:31:33]} gxh3 {[%clk 0:31:18]} 41. Bc6
{[%clk 0:28:00]} Bg6 {[%clk 0:27:34]} 42. Bxf3 {[%clk 0:27:34]} e4
{[%clk 0:28:01]} 43. Bd1 {[%clk 0:23:40]} h4 {[%clk 0:27:54]} 44. Bf4
{[%clk 0:09:39]} hxg3 {[%clk 0:28:11]} 45. Bxg3 {[%clk 0:09:55]} Bf5
{[%clk 0:28:35]} 46. a4 {[%clk 0:05:23]} Bb4 {[%clk 0:23:42]} 47. Bc7
{[%clk 0:04:27]} Bd7 {[%clk 0:22:21]} 48. Bb6 {[%clk 0:03:23]} d3
{[%clk 0:22:15]} 49. Be3 {[%clk 0:02:40]} Kf7 {[%clk 0:17:58]} 50. f3
{[%clk 0:02:42]} Kf6 {[%clk 0:13:56]} 51. Kf2 {[%clk 0:02:10]} Kf5
{[%clk 0:11:29]} 52. fxe4+ {[%clk 0:01:53]} Kxe4 {[%clk 0:11:54]} 53. Bf3+
{[%clk 0:02:11]} Ke5 {[%clk 0:11:45]} 54. Kg3 {[%clk 0:01:58]} Be1+
{[%clk 0:11:37]} 55. Kh2 {[%clk 0:01:56]} Be6 {[%clk 0:09:48]} 56. Bd1
{[%clk 0:00:44]} Ke4 {[%clk 0:09:25]} 57. Bb6 {[%clk 0:00:36]} Bd2
{[%clk 0:06:38]} 58. Bc7 {[%clk 0:00:53]} Bb4 {[%clk 0:04:38]} 59. a5
{[%clk 0:01:06]} Ke3 {[%clk 0:04:53]} 60. a6 {[%clk 0:01:05]} Bc5
{[%clk 0:05:02]} 61. Bb8 {[%clk 0:00:42]} Bc8 {[%clk 0:03:40]} 62. a7
{[%clk 0:00:52]} Bb7 {[%clk 0:04:01]} 1/2-1/2

[Event "European Youth Chess Championship B18"]
[Site "Prague, Top Hotel Prague"]
[Date "2012.08.23"]
[Round "7.7"]
[White "Plat, Vojtech"]
[Black "Meribanov, Vitaly"]
[Result "1/2-1/2"]
[WhiteElo "2480"]
[BlackElo "2381"]
[PlyCount "0"]
[EventDate "2012.08.17"]

1. f4 {[%clk 1:30:28]} c5 {[%clk 1:30:52]} 2. Nf3 {[%clk 1:30:40]} Nf6
{[%clk 1:30:25]} 3. b3 {[%clk 1:30:55]} g6 {[%clk 1:30:50]} 4. Bb2
{[%clk 1:31:13]} Bg7 {[%clk 1:31:15]} 5. e3 {[%clk 1:31:36]} O-O {[%clk 1:31:38]}
6. Be2 {[%clk 1:31:55]} Nc6 {[%clk 1:31:51]} 7. O-O {[%clk 1:32:17]} d6
{[%clk 1:31:09]} 8. c4 {[%clk 1:32:34]} a6 {[%clk 1:30:19]} 9. Nc3
{[%clk 1:32:44]} Rb8 {[%clk 1:28:37]} 10. d4 {[%clk 1:29:21]} cxd4
{[%clk 1:27:16]} 11. exd4 {[%clk 1:29:22]} d5 {[%clk 1:22:04]} 12. cxd5
{[%clk 1:29:21]} Nxd5 {[%clk 1:15:07]} 13. Nxd5 {[%clk 1:29:45]} Qxd5
{[%clk 1:15:36]} 14. Ne5 {[%clk 1:30:07]} Qd6 {[%clk 1:09:42]} 15. Bf3
{[%clk 1:26:29]} Rd8 {[%clk 1:06:07]} 16. Bxc6 {[%clk 1:26:13]} Bxe5
{[%clk 0:50:12]} 17. fxe5 {[%clk 1:26:32]} Qxc6 {[%clk 0:50:38]} 18. Ba3
{[%clk 1:26:29]} Qe4 {[%clk 0:47:19]} 19. Bxe7 {[%clk 1:23:59]} Qxd4+
{[%clk 0:41:20]} 20. Qxd4 {[%clk 1:22:56]} Rxd4 {[%clk 0:41:50]} 21. Bd6
{[%clk 1:21:35]} Ra8 {[%clk 0:42:09]} 22. Rac1 {[%clk 1:21:30]} Be6
{[%clk 0:41:07]} 23. Rc7 {[%clk 1:20:56]} Rd2 {[%clk 0:39:45]} 24. Rf2
{[%clk 1:20:17]} Rd1+ {[%clk 0:40:10]} 25. Rf1 {[%clk 1:20:42]} Rd2
{[%clk 0:40:38]} 26. Rf2 {[%clk 1:05:39]} Rd1+ {[%clk 0:41:06]} 27. Rf1
{[%clk 1:06:01]} Rd2 1/2-1/2

[Event "European Youth Chess Championship B18"]
[Site "Prague, Top Hotel Prague"]
[Date "2012.08.23"]
[Round "7.9"]
[White "Meskovs, Nikita"]
[Black "Tilicheev, Viacheslav"]
[Result "1/2-1/2"]
[WhiteElo "2347"]
[BlackElo "2416"]
[PlyCount "0"]
[EventDate "2012.08.17"]

1. d4 {[%clk 1:30:56]} Nf6 {[%clk 1:30:56]} 2. c4 {[%clk 1:31:18]} g6
{[%clk 1:31:19]} 3. Nc3 {[%clk 1:31:44]} Bg7 {[%clk 1:31:43]} 4. e4
{[%clk 1:32:10]} d6 {[%clk 1:32:08]} 5. Nf3 {[%clk 1:32:35]} O-O {[%clk 1:32:31]}
6. h3 {[%clk 1:33:02]} e5 {[%clk 1:32:19]} 7. d5 {[%clk 1:33:27]} Nh5
{[%clk 1:32:32]} 8. Nh2 {[%clk 1:33:30]} Qe8 {[%clk 1:32:47]} 9. Be2
{[%clk 1:33:31]} Nf4 {[%clk 1:33:10]} 10. Bf3 {[%clk 1:33:56]} f5
{[%clk 1:33:26]} 11. g3 {[%clk 1:34:11]} Nxh3 {[%clk 1:33:50]} 12. Bg2
{[%clk 1:34:33]} fxe4 {[%clk 1:33:54]} 13. Nxe4 {[%clk 1:32:51]} Bf5
{[%clk 1:33:44]} 14. Ng4 {[%clk 1:06:18]} h5 {[%clk 1:34:02]} 15. Nef6+
{[%clk 1:06:43]} Bxf6 {[%clk 1:34:26]} 16. Nh6+ {[%clk 1:07:09]} Kg7
{[%clk 1:33:28]} 17. Nxf5+ {[%clk 1:06:51]} gxf5 {[%clk 1:33:54]} 18. Rxh3
{[%clk 1:06:41]} Rh8 {[%clk 1:34:18]} 19. Bf3 {[%clk 1:05:48]} e4
{[%clk 1:27:43]} 20. Bxh5 {[%clk 1:00:48]} Qe5 {[%clk 1:26:55]} 21. Rb1
{[%clk 0:57:06]} Nd7 {[%clk 1:27:08]} 22. Bf4 {[%clk 0:57:00]} Qd4
{[%clk 1:26:51]} 23. g4 {[%clk 0:49:35]} Qxd1+ {[%clk 1:25:55]} 24. Kxd1
{[%clk 0:49:47]} Be5 {[%clk 1:23:33]} 25. Bg5 {[%clk 0:43:40]} Nf6
{[%clk 1:22:26]} 26. Bxf6+ {[%clk 0:42:25]} Kxf6 {[%clk 1:22:49]} 27. gxf5
{[%clk 0:42:29]} Kg5 {[%clk 1:22:38]} 28. Ke2 {[%clk 0:42:44]} Kxf5
{[%clk 1:18:41]} 29. b3 {[%clk 0:32:20]} Rag8 {[%clk 1:08:52]} 30. Rbh1
{[%clk 0:29:26]} Bd4 {[%clk 1:08:08]} 31. Rh4 {[%clk 0:18:16]} Ke5
{[%clk 1:07:38]} 32. R1h2 {[%clk 0:17:23]} Rg1 {[%clk 1:06:21]} 33. f3
{[%clk 0:17:11]} exf3+ {[%clk 1:05:52]} 34. Bxf3 {[%clk 0:17:36]} Rxh4
{[%clk 1:05:18]} 35. Rxh4 {[%clk 0:18:01]} Bb6 {[%clk 1:05:18]} 36. Rh1
{[%clk 0:18:08]} Rxh1 {[%clk 1:04:49]} 37. Bxh1 {[%clk 0:18:32]} Kd4
{[%clk 1:05:16]} 38. Kd2 {[%clk 0:18:53]} Ba5+ {[%clk 1:05:43]} 39. Kc2
{[%clk 0:19:17]} Bb4 {[%clk 1:06:10]} 40. a4 {[%clk 0:49:39]} a5 {[%clk 1:36:37]}
41. Bf3 {[%clk 0:50:05]} b6 {[%clk 1:37:03]} 1/2-1/2